[Event "48th ch-IND"]
[Site "New Delhi IND"]
[Date "2010.12.10"]
[Round "2"]
[White "Laxman,R"]
[Black "Thakur,Ak"]
[Result "1-0"]
[WhiteElo "2479"]
[BlackElo "2358"]

1.Nf3 d5 2.d4 Nf6 3.c4 c6 4.Qb3 e6 5.g3 Bd6 6.Bg2 Nbd7 7.Nc3 O-O 8.O-O Qe7
9.Re1 dxc4 10.Qxc4 e5 11.e4 exd4 12.Nxd4 Ne5 13.Qe2 Bc5 14.Nf5 Bxf5 15.exf5 Rfe8
16.Bg5 Rad8 17.Ne4 Nd3 18.Bxf6 gxf6 19.Rf1 Qe5 20.Qg4+ Kh8 21.Qh5 Bd4 22.Qxf7 Qxf5
23.Nd6 Qe5 24.Nxe8 Rxe8 25.Rad1 Bxf2+ 26.Kh1  1-0

[Event "17th Open A"]
[Site "Zadar CRO"]
[Date "2010.12.12"]
[Round "1.13"]
[White "Jovanic,O"]
[Black "Schachinger,M"]
[Result "1/2-1/2"]
[WhiteElo "2532"]
[BlackElo "2359"]

1.d4 d5 2.c4 c6 3.Nf3 Nf6 4.Qc2 g6 5.Bf4 Na6 6.e3 Bf5 7.Qd2 Nb4 8.Qxb4 e5
9.Qxb7 Rb8 10.Qxc6+ Bd7 11.Qa6 exf4 12.Bd3 fxe3 13.O-O Bh6 14.Nc3 O-O 15.fxe3 Bxe3+
16.Kh1 dxc4 17.Bxc4 Ng4 18.Nd1 Bf4 19.h3 Nh6 20.b3 Nf5 21.Kg1 Bc7 22.Nc3 Bb6
23.Nd5 Nxd4 24.Nxb6 Nxf3+ 25.Rxf3 Qxb6+ 26.Qxb6 Rxb6 27.Re1 Be6 28.Bxe6 fxe6
29.Rfe3 Kf7 30.Rc1 Ra6 31.a4 h5 32.Rc7+ Kg8 33.Re7 Rf6 34.h4 Kf8 35.Rb7 Rf7
36.Rf3 Rxf3 37.gxf3 Ra5 38.Kf2 a6 39.Ra7 Kg8 40.Ke3 Re5+ 41.Kd4 Rd5+ 42.Ke4 a5
43.Re7 Rd1 44.Kf4 Re1 45.Kg5 Re3 46.Kxg6 Kf8 47.Rb7 Rxf3 48.Kxh5 Rg3 49.Kh6 e5
50.Rb5 e4 51.Rxa5 Rxb3 52.Rf5+ Kg8 53.Re5 e3 54.Kg6 Rb6+ 55.Kg5 Ra6 56.Re4 e2
57.Rxe2 Rxa4 58.h5  1/2-1/2

[Event "Bansko Grand Chess Open"]
[Site "Bansko BUL"]
[Date "2010.12.13"]
[Round "1.4"]
[White "Georgiev,Vl"]
[Black "Bozilov,D"]
[Result "1-0"]
[WhiteElo "2582"]
[BlackElo "1915"]

1.d4 Nf6 2.c4 c6 3.Nf3 d5 4.Qb3 a6 5.Bg5 b5 6.cxd5 cxd5 7.Nc3 e6 8.Rc1 Bb7
9.Ne5 Qa5 10.Bd2 Bb4 11.a3 Bxc3 12.Bxc3 Qb6 13.e3 O-O 14.a4 Nc6 15.Bd3 Na5
16.Qb4 Nc4 17.O-O Rac8 18.axb5 axb5 19.b3 Nd6 20.Bb2 Rfd8 21.Rc5 Nfe8 22.Ba3 Nc7
23.Qd2 Na6 24.Rxc8 Bxc8 25.Bxd6 Rxd6 26.Bxh7+ Kf8 27.Rc1 Rd8 28.Rxc8  1-0

[Event "48th ch-IND"]
[Site "New Delhi IND"]
[Date "2010.12.15"]
[Round "7"]
[White "Sundararajan,K"]
[Black "Shyam,N"]
[Result "1/2-1/2"]
[WhiteElo "2449"]
[BlackElo "2373"]

1.d4 d5 2.c4 c6 3.Nf3 Nf6 4.Qc2 e6 5.g3 Nbd7 6.Bg2 Ne4 7.O-O Be7 8.Nfd2 f5
9.f3 Nxd2 10.Nxd2 O-O 11.e4 dxe4 12.fxe4 Nf6 13.Nb3 Nxe4 14.Bxe4 fxe4 15.Bf4 b6
16.Qxe4 Qd7 17.Rfe1 Rf7 18.Rac1 Qb7 19.Re2 Bd7 20.Nd2 Raf8 21.Nf3 Rf5 22.Ne5 Be8
23.Be3 Bd6 24.Nd3 Qf7 25.Bf4 Bxf4 26.gxf4 Qg6+ 27.Rg2 Qh6 28.Rf1 R5f6 29.Rg3 Kh8
30.Qg2 Bg6 31.Ne5 Rxf4 32.Rxf4 Qxf4 33.Nxg6+ hxg6 34.Qh3+ Kg8 35.Qxe6+ Rf7
36.Qe8+ Rf8 37.Qe6+ Rf7 38.Qe8+ Rf8 39.Qe6+  1/2-1/2

[Event "Bansko Grand Chess Open"]
[Site "Bansko BUL"]
[Date "2010.12.17"]
[Round "7.11"]
[White "Arnaudov,G"]
[Black "Kanakaris,G"]
[Result "1-0"]
[WhiteElo "2468"]
[BlackElo "2285"]

1.d4 Nf6 2.c4 c6 3.Nf3 d5 4.Qc2 a6 5.Bf4 g6 6.e3 Bf5 7.Qb3 Ra7 8.Nc3 e6 9.h3 Nbd7
10.Be2 Bg7 11.Bd6 Ne4 12.Nxe4 Bxe4 13.O-O Bxf3 14.Bxf3 Bf8 15.Bg3 Bg7 16.Rfd1 O-O
17.e4 dxe4 18.Bxe4 f5 19.Bf3 f4 20.Bh2 Qf6 21.Re1 Kh8 22.Re4 g5 23.Rae1 b5
24.h4 gxh4 25.Rxf4 Qh6 26.Qe3 Nf6 27.d5 Re7 28.d6 Rd7 29.c5  1-0

[Event "I Jorge Duarte IM"]
[Site "Buenos Aires ARG"]
[Date "2010.12.17"]
[Round "7"]
[White "Filion,C"]
[Black "Toloza Soto,P"]
[Result "1-0"]
[WhiteElo "2232"]
[BlackElo "2327"]

1.d4 d5 2.c4 c6 3.Qc2 Nf6 4.Nf3 e6 5.Bg5 Nbd7 6.cxd5 exd5 7.Nc3 Be7 8.e3 Nh5
9.Bxe7 Qxe7 10.O-O-O O-O 11.g4 Nhf6 12.Bd3 Re8 13.h3 Nf8 14.Ne5 N6d7 15.Nxd7 Bxd7
16.Kb1 Rad8 17.Ne2 Bc8 18.Nf4 Qd6 19.Rc1 Re7 20.g5 Rc7 21.h4 b6 22.h5 Bb7
23.g6 h6 24.gxf7+ Rxf7 25.Rhg1 Rxf4 26.exf4 Qxf4 27.Bf5 Bc8 28.Bxc8 Rxc8
29.Rce1 Rc7 30.Qd3 Rf7 31.Rg2 Qh4 32.Qc2 Rf6 33.Reg1 Ne6 34.Qxc6 Qxd4 35.Qe8+ Kh7
36.Rg6 Qxf2 37.Qe7 Qf5+ 38.Kc1 Rxg6 39.hxg6+ Kg8 40.Qd7 d4 41.Qc8+  1-0

[Event "17th Open A"]
[Site "Zadar CRO"]
[Date "2010.12.17"]
[Round "8.4"]
[White "Bukal,V jr"]
[Black "Predojevic,B"]
[Result "0-1"]
[WhiteElo "2390"]
[BlackElo "2632"]

1.d4 d5 2.c4 c6 3.Nf3 Nf6 4.Qc2 dxc4 5.b3 b5 6.e4 cxb3 7.axb3 e6 8.Bd2 a5
9.Bd3 Bb7 10.O-O Be7 11.Rd1 h6 12.Qc1 Nbd7 13.Nc3 b4 14.Na4 Ba6 15.Bb1 Be2
16.Re1 Bb5 17.Bf4 g5 18.Be3 Rc8 19.Nc5 Qc7 20.Qb2 Nxc5 21.dxc5 Rg8 22.Bd4 Nd7
23.Rc1 g4 24.Ne5 Rd8 25.Bd3 Bf6 26.Nc4 Bxc4 27.Bxf6 Nxf6 28.Bxc4 Nxe4 29.Re1 Qf4
30.Qe2 Nc3 31.Qf1 Rg5 32.Rxa5 Re5 33.Raa1 Rxe1 34.Qxe1 Ke7 35.g3 Qd4 36.Ra7+ Rd7
37.Ra1 Qxc5 38.Bf1 Qd4 39.Ra5 Rd5 40.Ra8 c5 41.Ra7+ Kf6 42.Ra6 Re5 43.Qc1 Kg7
44.Rc6 Ne2+ 45.Bxe2 Rxe2 46.Qxc5 Re1+  0-1

[Event "48th ch-IND"]
[Site "New Delhi IND"]
[Date "2010.12.18"]
[Round "9"]
[White "Suvrajit,S"]
[Black "Thakur,Ak"]
[Result "1-0"]
[WhiteElo "2392"]
[BlackElo "2358"]

1.c4 Nf6 2.d4 c6 3.Nf3 d5 4.Qc2 g6 5.cxd5 cxd5 6.Bf4 Nc6 7.Nc3 Bg7 8.e3 O-O
9.a3 Bf5 10.Bd3 Bxd3 11.Qxd3 Nh5 12.Bg5 Qd7 13.O-O h6 14.Bh4 g5 15.Bg3 Nxg3
16.fxg3 f5 17.Rac1 Rac8 18.b4 e6 19.Rc2 a6 20.Rfc1 Nd8 21.Na4 Rxc2 22.Qxc2 Nf7
23.Nb6 Qb5 24.Nc8 Bf6 25.Ne1 Kg7 26.Qd3 Qd7 27.Nb6 Qd8 28.Na4 Nd6 29.Nc5 Qe7
30.Rc2 Nc4 31.a4 h5 32.Qe2 Rh8 33.Nf3 g4 34.Nd2 Nxd2 35.Qxd2 Rc8 36.Qc1 Kf7
37.Nd3 Rxc2 38.Qxc2 Qd7 39.Kf2 h4 40.gxh4 Bxh4+ 41.Ke2 Bf6 42.h3 gxh3 43.gxh3 Kg7
44.Kf3 Kh6 45.Nf4 Bg5 46.Qc5 Bxf4 47.Qf8+ Kh5 48.Kxf4 Qc7+ 49.Kf3 Qh2 50.Qf7+ Kg5
51.Qg7+ Kh5 52.Qg2 Qd6 53.b5 e5 54.Qg7 e4+ 55.Kg2 axb5 56.axb5 Qb4 57.Qh7+ Kg5
58.Qg7+ Kh5 59.Kg3 Qd6+ 60.Qe5 Qg6+ 61.Kh2 Qf7 62.b6 Kg5 63.Kg3 Qg6 64.Qe7+ Kh5+
65.Kf4 Qh6+ 66.Kxf5 Qxe3 67.Qf7+ Kh4 68.Qxd5 Qxh3+ 69.Kxe4 Qg2+ 70.Ke5 Qg3+
71.Kf6 Qf4+ 72.Ke7 Qh6 73.Qh1+  1-0

[Event "7th UTD GM"]
[Site "Richardson USA"]
[Date "2010.12.18"]
[Round "4"]
[White "Ramirez,Alej"]
[Black "Zierk,S"]
[Result "1-0"]
[WhiteElo "2577"]
[BlackElo "2403"]

1.d4 d5 2.c4 c6 3.Nf3 Nf6 4.Qb3 dxc4 5.Qxc4 Bf5 6.g3 h6 7.Bg2 e6 8.O-O Nbd7
9.Nc3 Be7 10.Re1 Ne4 11.Qb3 Qb6 12.Nh4 Qxb3 13.axb3 Nd6 14.Nxf5 Nxf5 15.Rd1 Bf6
16.e3 O-O 17.Ne2 Rfd8 18.e4 Ne7 19.Be3 Nc8 20.Nc3 Ndb6 21.d5 Bxc3 22.bxc3 cxd5
23.exd5 exd5 24.c4 Ne7 25.Bc5 Nf5 26.Bh3 g6 27.Bxf5 gxf5 28.Rxa7 Rxa7 29.Bxb6 Raa8
30.Bxd8 Rxd8 31.Rxd5 Rxd5 32.cxd5 Kg7 33.Kg2 Kf6 34.Kh3  1-0

[Event "European Rapid Championship"]
[Site "Warsaw POL"]
[Date "2010.12.19"]
[Round "11"]
[White "Bagrationi,A"]
[Black "Skawinski,A"]
[Result "1-0"]
[WhiteElo "2460"]
[BlackElo "2249"]

1.d4 d5 2.c4 c6 3.Nf3 Nf6 4.Qc2 g6 5.e3 Bf5 6.Bd3 Bxd3 7.Qxd3 Bg7 8.Nc3 O-O
9.O-O Re8 10.e4 dxc4 11.Qxc4 Nbd7 12.Rd1 Qa5 13.b4 Qh5 14.Ng5 Rf8 15.f3 e5
16.d5 Nb6 17.Qb3 cxd5 18.exd5 h6 19.Nge4 Nfd7 20.Be3 f5 21.Nc5 e4 22.f4 Nf6
23.h3 g5 24.d6+ Kh7 25.fxg5 hxg5 26.Ne6 g4 27.Ne2 gxh3 28.N2f4 Qg4 29.Nxh3 Nfd5
30.Rxd5 Bxa1 31.Rc5 Kh8 32.Nxf8 Rxf8 33.Qe6 Bg7 34.Rc7 Rf6 35.Qe8+ Rf8 36.d7 Qd1+
37.Kh2 Qd5 38.Bf4 e3 39.Ng5 Nxd7 40.Qh5+  1-0

[Event "Amitan Memorial"]
[Site "Donetsk UKR"]
[Date "2010.12.20"]
[Round "1"]
[White "Savchenko,S"]
[Black "Bogdanovich,S"]
[Result "0-1"]
[WhiteElo "2539"]
[BlackElo "2479"]

1.Nf3 d5 2.d4 c6 3.c4 dxc4 4.e3 Be6 5.a4 Nf6 6.Nc3 g6 7.Ng5 Qc8 8.Nxe6 Qxe6
9.a5 Nbd7 10.Qa4 b5 11.axb6 Nxb6 12.Qa6 Bg7 13.Be2 O-O 14.O-O Rac8 15.Bd2 c5
16.dxc5 Rxc5 17.Qxa7 Rfc8 18.Rfd1 Nfd5 19.Bf3 Be5 20.Be1 Kg7 21.Nxd5 Nxd5
22.Ra6 Bd6 23.Qb7 R8c7 24.Bxd5 Qf5 25.Bc3+ Kh6 26.Qa8 Rc8 27.Qb7 Rb8 28.Qa7 Rxd5
29.Re1 Bxh2+ 30.Kf1 Rd7  0-1

[Event "63rd ch-RUS"]
[Site "Moscow RUS"]
[Date "2010.12.21"]
[Round "10"]
[White "Khismatullin,D"]
[Black "Potkin,V"]
[Result "1/2-1/2"]
[WhiteElo "2659"]
[BlackElo "2646"]

1.d4 d5 2.c4 c6 3.Nf3 Nf6 4.Qc2 dxc4 5.Qxc4 Bg4 6.Nc3 Nbd7 7.e4 Bxf3 8.gxf3 e5
9.Be3 exd4 10.Bxd4 Bd6 11.O-O-O Qc7 12.Ne2 O-O 13.Qc2 Rad8 14.Kb1 Rfe8 15.Bh3 Nh5
16.Ng3 Ndf6 17.Bg4 Be5 18.Bxe5 Qxe5 19.Bxh5 Nxh5 20.Qb3 g6 21.Qe3 b6 22.Nxh5 Qxh5
23.Qf4 Qb5 24.Qe3 Qa4 25.b3 Qb5 26.h4 a5 27.a4 Qe5 28.Qg5 f6 29.Qxe5 fxe5
30.Kc2 Kf7 31.Rd3 Ke6 32.Kd2 Rxd3+ 33.Kxd3 Rd8+ 34.Ke3 Rd4 35.Rc1 c5 36.f4 exf4+
37.Kxf4 Rd3 38.Rb1 Kf6 39.f3 h6 40.Rb2 Rd1 41.Ke3 Re1+ 42.Kd3 Rf1 43.Ke3 Re1+
44.Kd3 Rf1  1/2-1/2

[Event "Azerbaijanian Solidarity Day"]
[Site "Baku AZE"]
[Date "2010.12.23"]
[Round "2.1"]
[White "Abbasov,F"]
[Black "Bajarani,U"]
[Result "1-0"]
[WhiteElo "2538"]
[BlackElo "2413"]

1.d4 d5 2.c4 c6 3.Nf3 Nf6 4.Qb3 dxc4 5.Qxc4 Bf5 6.g3 e6 7.Bg2 Nbd7 8.O-O Be7
9.e3 O-O 10.Qe2 Ne4 11.Ne1 Nd6 12.e4 Bg6 13.Nc3 Qa5 14.Bd2 Rad8 15.Nd5  1-0

[Event "Amitan Memorial"]
[Site "Donetsk UKR"]
[Date "2010.12.23"]
[Round "5"]
[White "Goganov,A"]
[Black "Bogdanovich,S"]
[Result "0-1"]
[WhiteElo "2478"]
[BlackElo "2479"]

1.d4 d5 2.c4 dxc4 3.Nf3 c6 4.e3 Be6 5.a4 Nf6 6.Nc3 g6 7.Ng5 Bd5 8.e4 h6 9.exd5 hxg5
10.dxc6 Nxc6 11.d5 Na5 12.Bxg5 Bh6 13.Bxh6 Rxh6 14.g3 Qb6 15.Qe2 Kf8 16.Bg2 Kg7
17.O-O Rhh8 18.Rfe1 Rad8 19.Rad1 Rhe8 20.Qe5 Kg8 21.Nb5 a6 22.Qc7 Rd6 23.Qxb6 Rxb6
24.Nc7 Rd8 25.Rxe7 Rxb2 26.Re3 Ng4 27.Rf3 Ne5 28.Re3 Ng4 29.Rf3 b5 30.axb5 axb5
31.d6 b4 32.Nb5 c3 33.Nxc3 Ne5 34.Ne4 Nxf3+ 35.Bxf3 b3 36.Rd5 Nc4 37.Kg2 Ne3+  0-1

[Event "Azerbaijanian Solidarity Day"]
[Site "Baku AZE"]
[Date "2010.12.27"]
[Round "8.5"]
[White "Abbasov,F"]
[Black "Mammadov,Z"]
[Result "1-0"]
[WhiteElo "2538"]
[BlackElo "2443"]

1.d4 d5 2.c4 c6 3.Nf3 Nf6 4.Qb3 dxc4 5.Qxc4 Bf5 6.g3 e6 7.Bg2 Be7 8.O-O O-O
9.Nc3 Nbd7 10.Re1 Ne4 11.Qb3 Qb6 12.Nh4 Bxh4 13.gxh4 Nef6 14.e4 Bg6 15.Qxb6 axb6
16.Bf4 b5 17.a3 Nb6 18.Bd6 Rfe8 19.b3 Nc8 20.Bb4 Nd7 21.f4 Ncb6 22.Bf3 f6
23.h5 Bf7 24.e5 f5 25.Kf2 h6 26.Rg1 Kh7 27.Be2 Nb8 28.Bc5 N8d7 29.Bd6 Nc8
30.Bb4 Nb8 31.a4 bxa4 32.bxa4 Rd8 33.Ke3 Nb6 34.Rgb1 Nd5+ 35.Nxd5 cxd5 36.Bd6 Rd7
37.a5 Be8 38.Bb5 Nc6 39.a6 Rf7 40.a7 Bd7 41.Bxc6 Bxc6 42.Bb8 Re7 43.Rb6 Kg8
44.Rc1 Rd7 45.Kd2 Kf7 46.Kc3 Rd8 47.Rcb1 Rc8 48.Kd2 Kg8 49.Kd3 Kh7 50.Kd2 Kg8
51.Rc1 Kf7 52.Rc5 Kg8 53.Kc3 g5 54.hxg6 Kg7 55.Rb1 Rd8 56.Rg1 Rc8 57.Kb4 Rd8
58.h4 Rc8 59.h5 Rd8 60.Rb1 Re8 61.Kc3 Rc8 62.Rb6 Rd8 63.Kb4 Rc8 64.Rcxc6 Rxc6
65.Rxc6 bxc6 66.Kc5 Rxb8 67.axb8=B  1-0

[Event "27th Christmas Open"]
[Site "Geneva SUI"]
[Date "2010.12.27"]
[Round "2"]
[White "Huss,A"]
[Black "Khenkin,I"]
[Result "0-1"]
[WhiteElo "2297"]
[BlackElo "2617"]

1.d4 d5 2.c4 dxc4 3.Nf3 c6 4.e3 b5 5.a4 e6 6.axb5 cxb5 7.b3 Bb4+ 8.Bd2 Bxd2+
9.Nbxd2 a5 10.bxc4 b4 11.c5 Nf6 12.Bb5+ Bd7 13.Bxd7+ Nbxd7 14.e4 O-O 15.O-O Qc7
16.e5 Nd5 17.Ne4 Qc6 18.Qa4 Qxa4 19.Rxa4 Nb8 20.Nfd2 Nc6 21.Nb3 f5 22.exf6 gxf6
23.Rfa1 Ra7 24.g3 f5 25.Ng5 Re8 26.Nxa5 Rea8 27.Nxc6 Rxa4 28.Rf1 b3 29.Nf3 b2
30.Nd2 Ra1 31.Ne5 Rxf1+ 32.Kxf1 Ra1+ 33.Nb1  0-1

[Event "34th Christmas Master Open"]
[Site "Zuerich SUI"]
[Date "2010.12.27"]
[Round "2"]
[White "Kessler,L"]
[Black "Lendwai,R"]
[Result "1/2-1/2"]
[WhiteElo "2098"]
[BlackElo "2387"]

1.Nf3 d5 2.d4 c6 3.c4 dxc4 4.e3 b5 5.a4 e6 6.b3 Bb4+ 7.Bd2 Bxd2+ 8.Qxd2 a5
9.bxc4 b4 10.c5 Nd7 11.Qc2 Ngf6 12.Nbd2 O-O 13.Nc4 Ba6 14.Nd6 Bxf1 15.Kxf1 Ne8
16.Nc4 f5 17.Ke2 Nef6 18.Rac1 Ne4 19.Nd6 Nc3+ 20.Ke1 Qf6 21.Nc4 Qg6 22.Kf1 Kh8
23.h4 Qh5 24.Ng5 e5 25.Nxe5 Nxe5 26.dxe5 f4 27.Rh3 Nd5 28.Kg1 fxe3 29.fxe3 Rab8
30.Rb1 Nc3 31.Re1 Nd5 32.e6 b3 33.Qb2 Qg6 34.Rg3 Qf6 35.Rb1 Qxb2 36.Rxb2 h6
37.Nf7+ Kh7 38.e4 Nf6 39.e5 Ne4 40.Rgxb3 Rxb3 41.Rxb3 Nxc5 42.e7 Re8 43.Rc3  1/2-1/2

[Event "Rilton Cup 2010-11"]
[Site "Stockholm SWE"]
[Date "2010.12.30"]
[Round "4"]
[White "Cramling,P"]
[Black "Thompson,I"]
[Result "1-0"]
[WhiteElo "2526"]
[BlackElo "2264"]

1.d4 d5 2.Nf3 Nf6 3.c4 c6 4.Qc2 g6 5.cxd5 cxd5 6.Nc3 Nc6 7.Bg5 Bg7 8.e3 O-O
9.Be2 Bf5 10.Qb3 Na5 11.Qb4 h6 12.Bh4 g5 13.Bg3 Nh5 14.O-O Nxg3 15.hxg3 Rb8
16.Rac1 e6 17.Nb5 a6 18.Nc3 b5 19.Nb1 Qb6 20.b3 Rfd8 21.Rfd1 Rbc8 22.Qd2 Nc6
23.Bd3 Bxd3 24.Qxd3 Bf8 25.g4 Qb8 26.g3 Nb4 27.Qd2 Rxc1 28.Rxc1 Rc8 29.a3 Nc6
30.b4 Bd6 31.Kg2 Ne7 32.Ne1 e5 33.dxe5 Bxe5 34.Nc3 Qb7 35.Nf3 Bxc3 36.Rxc3 Rxc3
37.Qxc3 Qc6 38.Qe5 Qe6 39.Qc7 Nc6 40.Qb6 Ne7 41.Qd8+ Kh7 42.Qe8 Nc6 43.Qf8 Qf6
44.Qa8 Ne7 45.Nd4 Ng6 46.Qxd5 Ne5 47.Qe4+ Kg8 48.Nf5 Nc4 49.a4 Qe6 50.Qd4 Qe5
51.axb5 axb5 52.Nxh6+ Kg7 53.Nf5+ Kg6 54.Qd3 Kf6 55.Qd8+ Kg6 56.Qg8+ Kf6
57.Qg7+ Ke6 58.Nd4+ Kd5 59.Qxf7+ Ke4 60.Qg6+ Kd5 61.Qc6+  1-0

[Event "Berkeley Int Open"]
[Site "Berkeley USA"]
[Date "2011.01.02"]
[Round "1"]
[White "Kuljasevic,D"]
[Black "Coleman,T"]
[Result "1-0"]
[WhiteElo "2545"]
[BlackElo "2282"]

1.d4 d5 2.c4 c6 3.Nf3 Nf6 4.Qb3 dxc4 5.Qxc4 Bg4 6.Nc3 Nbd7 7.e4 Bxf3 8.gxf3 e5
9.Be3 exd4 10.Bxd4 Bd6 11.O-O-O Qc7 12.Ne2 Ne5 13.Qc3 Ng6 14.h4 Nh5 15.Rg1 O-O-O
16.Rg5 Ngf4 17.Ng3 Nxg3 18.fxg3 f6 19.Ra5 b6 20.Ra4 Nh5 21.f4 c5 22.Ba6+ Kb8
23.e5 Bxe5 24.fxe5 cxd4 25.Qxc7+ Kxc7 26.Rc4+ Kd7 27.g4 Ng3 28.Rcxd4+ Ke7
29.exf6+ gxf6 30.Rxd8 Rxd8 31.Rg1  1-0

[Event "23rd Staufer-Open"]
[Site "Leinzell GER"]
[Date "2011.01.02"]
[Round "1"]
[White "Dirr,U"]
[Black "Michna,Marc"]
[Result "1-0"]
[WhiteElo "2250"]
[BlackElo "1865"]

1.d4 d5 2.c4 c6 3.Nf3 Nf6 4.g3 Bf5 5.Nc3 dxc4 6.Ne5 Nbd7 7.Nxc4 e6 8.Bg2 Be7
9.O-O O-O 10.e4 Bg6 11.a4 a6 12.a5 b5 13.axb6 Nxb6 14.Na5 Qd7 15.Qb3 Rfb8
16.Bf4  1-0

[Event "Rilton Cup 2010-11"]
[Site "Stockholm SWE"]
[Date "2011.01.02"]
[Round "6"]
[White "Semcesen,D"]
[Black "Bellon Lopez,JuM"]
[Result "1-0"]
[WhiteElo "2449"]
[BlackElo "2394"]

1.d4 d5 2.c4 c6 3.Nf3 Nf6 4.Qb3 e6 5.Bg5 h6 6.Bh4 dxc4 7.Qxc4 b5 8.Qc2 g5
9.Bg3 Bb4+ 10.Nc3 g4 11.Ne5 Qxd4 12.Rd1 Bxc3+ 13.bxc3 Qe4 14.Qb3 c5 15.Qxb5+ Nbd7
16.Nc4 O-O 17.f3 Qc2 18.Qb3 Qxb3 19.axb3 Nd5 20.Kd2 f5 21.e4 fxe4 22.fxe4 N5f6
23.Ke3 Ba6 24.Rd6 Nb6 25.Nd2 Bxf1 26.Rxf1 Rae8 27.Ra1 Re7 28.c4 e5 29.Ra5 Nc8
30.Rc6 Nh5 31.Raxc5 Nxg3 32.hxg3 Nb6 33.Rg6+ Kf7 34.Rxh6 Rg8 35.Rh5 Rge8
36.Rf5+ Kg8 37.Rg5+ Kf7 38.Rxg4 Nd7 39.Rb5 a6 40.Ra5 Re6 41.Rg5 Rb8 42.Rf5+ Kg7
43.Ke2 Rg6 44.Rf3 Rb7 45.Rd5 Rc6 46.Rc3 Kf6 47.Rf3+ Ke7 48.Rf5 Rg6 49.Kf2 Ke8
50.Kf3 Ra7 51.Rh5 a5 52.Rh7 Rf6+ 53.Ke2 Re6 54.Nf3 a4 55.bxa4 Rb7 56.Rb5 Rbb6
57.a5 Rbd6 58.c5 Rh6 59.cxd6 Rxh7  1-0

[Event "Berkeley Int Open"]
[Site "Berkeley USA"]
[Date "2011.01.05"]
[Round "7"]
[White "Yanayt,E"]
[Black "Liou,Y"]
[Result "1/2-1/2"]
[WhiteElo "2218"]
[BlackElo "2285"]

1.d4 d5 2.c4 c6 3.Nf3 Nf6 4.Qc2 dxc4 5.Qxc4 Bf5 6.g3 e6 7.Bg2 Be7 8.O-O O-O
9.e3 Nbd7 10.Qe2 c5 11.Rd1 Ne4 12.dxc5 Qc7 13.Nd4 Ndxc5 14.f3 Nf6 15.e4 Bg6
16.Nc3 Rfd8 17.Be3 e5 18.Ndb5 Qa5 19.Rxd8+ Qxd8 20.Rd1 Qf8 21.Bh3 b6 22.b4 Nb7
23.a3 a5 24.Nc7 Rb8 25.Na6 Ra8 26.Na4 axb4 27.axb4 Bxb4 28.Nxb6 Rd8 29.Rxd8 Nxd8
30.Qb5 Bd6 31.Nc4 Qe7 32.Bc5 Bxc5+ 33.Qxc5 Qb7 34.Nb4 Ne6 35.Bxe6 fxe6 36.Nxe5 Be8
37.Kg2 h6 38.Qd6 Kh7 39.Nbd3 Qb3 40.Nf4 Qc2+ 41.Kh3 Bb5 42.Nfd3 Qd1 43.Kg2 Qe2+
44.Kg1 Qd1+ 45.Kf2 Qd2+ 46.Kg1 Qd1+ 47.Kf2 Qd2+ 48.Kg1 Qd1+  1/2-1/2

[Event "HSK GM"]
[Site "Hamburg GER"]
[Date "2011.01.07"]
[Round "7.3"]
[White "Colpe,M"]
[Black "Rausis,I"]
[Result "0-1"]
[WhiteElo "2218"]
[BlackElo "2484"]

1.d4 d5 2.c4 c6 3.Nf3 dxc4 4.e3 Be6 5.Nc3 b5 6.a4 b4 7.Ne4 Nf6 8.Nc5 Bd5
9.Qc2 e6 10.Bxc4 Bxc5 11.dxc5 O-O 12.Bd3 Nbd7 13.Bd2 Rb8 14.O-O Nxc5 15.Qxc5 Bxf3
16.gxf3 Qxd3 17.Bxb4 Qe2 18.Ba3 Rfd8 19.Qxc6 Rd5 20.Bd6 Qxf3 21.Bg3 h5 22.Rad1 Rb4
23.Rxd5 Nxd5 24.h4 Rg4 25.Qc8+ Kh7 26.Qc2+ f5 27.Qd1 Rxg3+ 28.fxg3 Qxg3+
29.Kh1 Qxh4+ 30.Kg1 Nxe3  0-1

[Event "1st HDBank Cup"]
[Site "Ho Chi Minh City VIE"]
[Date "2011.01.07"]
[Round "7.1"]
[White "Wen Yang"]
[Black "Gomez,Joh"]
[Result "1/2-1/2"]
[WhiteElo "2509"]
[BlackElo "2527"]

1.d4 d5 2.c4 c6 3.Nf3 Nf6 4.Qc2 dxc4 5.Qxc4 Bf5 6.g3 e6 7.Bg2 Nbd7 8.O-O Be7
9.e3 O-O 10.Rd1 Rc8 11.Qe2 Ne4 12.Nfd2 Nxd2 13.Bxd2 c5 14.Bc3 Qc7 15.Nd2 cxd4
16.Bxd4 e5 17.Bc3 Be6 18.Nb3 b6 19.Bd5 Bxd5 20.Rxd5 f6 21.Rad1 Rfd8 22.R1d2 Nf8
23.Qd1 Rxd5 24.Rxd5 Rd8 25.Rxd8 Qxd8 26.Qxd8 Bxd8 27.e4 Kf7 28.f3 Ke6 29.Kf2 Nd7
30.Ke3 Be7  1/2-1/2

[Event "36th Open"]
[Site "Seville ESP"]
[Date "2011.01.07"]
[Round "1"]
[White "Abbasov,F"]
[Black "Perez Reisler,J"]
[Result "1-0"]
[WhiteElo "2537"]
[BlackElo "1893"]

1.d4 Nf6 2.c4 c6 3.Nf3 d5 4.Qb3 g6 5.g3 Bg7 6.Bg2 O-O 7.O-O Nbd7 8.cxd5 cxd5
9.Nc3 Nb6 10.a4 Re8 11.Bf4 Nh5 12.Rfc1 Nxf4 13.gxf4 a6 14.a5 Nc4 15.Nxd5 Nxa5
16.Rxa5 Qxa5 17.Nc7 Be6 18.d5 Rec8 19.dxe6 Rxc7 20.exf7+ Kh8 21.Rd1 Qf5 22.Ng5 e5
23.Qb6 Qc2 24.Qd6 exf4 25.Qd8+ Rxd8 26.Rxd8+ Bf8 27.Rxf8+ Kg7 28.Rg8+ Kh6
29.f8=Q+ Kxg5 30.h4+ Kg4 31.Qf6 Rc5 32.Kh2 Qxe2 33.f3+ Kh5 34.Qxg6+  1-0

[Event "9th Parsvnath Open"]
[Site "New Delhi IND"]
[Date "2011.01.09"]
[Round "3.31"]
[White "Gagare,Shal"]
[Black "Krishna Teja,N"]
[Result "0-1"]
[WhiteElo "2100"]
[BlackElo "1883"]

1.d4 d5 2.c4 c6 3.Nf3 Nf6 4.Qb3 Qb6 5.Nc3 Qxb3 6.axb3 Bf5 7.c5 Nbd7 8.b4 b5
9.cxb6 Nxb6 10.b5 Bd7 11.bxc6 Bxc6 12.Ne5 Bd7 13.e3 e6 14.Ba6 Bb4 15.Nxd7 Nfxd7
16.Bb7 Rb8 17.Rxa7 O-O 18.Bd2 Nf6 19.Ne4 Nxe4 20.Bxb4 Nc8 21.Ra4 Rxb7 22.Bxf8 Kxf8
23.Ra8 Nd6 24.O-O Rxb2 25.Rc1 Ke7 26.h3 Nb6  0-1

[Event "9th Parsvnath Open"]
[Site "New Delhi IND"]
[Date "2011.01.09"]
[Round "3.15"]
[White "Navalgund,N"]
[Black "Khan,MdR"]
[Result "1-0"]
[WhiteElo "2211"]
[BlackElo "2000"]

1.d4 d5 2.Nf3 Nf6 3.c4 c6 4.Nbd2 Bf5 5.g3 e6 6.Bg2 Nbd7 7.O-O Be7 8.h3 O-O
9.Nh4 Ne4 10.Nxf5 exf5 11.Qc2 Bf6 12.Nf3 Re8 13.Rb1 Nb6 14.c5 Nd7 15.b4 b5
16.cxb6 Qxb6 17.e3 Rec8 18.Ne1 a5 19.a3 axb4 20.axb4 Qb5 21.Nd3 Nb6 22.Nc5 Nc4
23.g4 g6 24.gxf5 gxf5 25.Nxe4 fxe4 26.f3 exf3 27.Rxf3 Bg7 28.Bf1 Qb7 29.Bd3 h6
30.Rg3 Nd6 31.e4 dxe4 32.Bxe4 Nxe4 33.Qxe4 Re8 34.Qg4 f5 35.Qg6 Re1+ 36.Kf2 Rae8
37.Qxg7+ Qxg7 38.Rxg7+ Kxg7 39.Bxh6+ Kxh6 40.Rxe1 Rb8 41.Rb1 Kg5 42.Kg3 Rd8
43.Rd1  1-0

[Event "36th Open"]
[Site "Seville ESP"]
[Date "2011.01.09"]
[Round "3"]
[White "Aranaz Murillo,A"]
[Black "Saric,A"]
[Result "0-1"]
[WhiteElo "2137"]
[BlackElo "2482"]

1.Nf3 d5 2.d4 Nf6 3.c4 c6 4.Qc2 dxc4 5.Qxc4 Bf5 6.g3 e6 7.Bg2 Nbd7 8.Nc3 Be7
9.O-O O-O 10.Re1 Ne4 11.Qb3 Qb6 12.Nh4 Bxh4 13.gxh4 Ndf6 14.f3 Nxc3 15.bxc3 Qc7
16.e4 Bg6 17.Be3 Nh5 18.Reb1 b6 19.a4 Nf4 20.Bf1 Bh5 21.Qd1 Ng6 22.Be2 Nxh4
23.Qf1 Qe7 24.Qh3 f5 25.e5 g5 26.Bf2 Kh8 27.Kh1 Be8 28.Rg1 c5 29.d5 exd5
30.f4 Ng6 31.fxg5 Nf4 32.Qe3 Nxe2 33.Qxe2 d4 34.h4 dxc3 35.Be1 Qe6 36.Bxc3 f4
37.Qg4 Bc6+ 38.Kh2 Qb3 39.Rac1 Qa2+ 40.Kh3 Be4 41.e6+ Kg8 42.Bf6 Qb3+ 43.Kh2 Qa2+
44.Kh3 Rae8 45.e7 Rxe7 46.Bxe7 Bf5 47.Bxf8 Qa3+ 48.Kh2 Bxg4 49.Rge1 Qg3+  0-1

[Event "36th Open"]
[Site "Seville ESP"]
[Date "2011.01.10"]
[Round "4"]
[White "Mirzoev,A"]
[Black "Rodriguez Perez,D"]
[Result "1/2-1/2"]
[WhiteElo "2563"]
[BlackElo "2022"]

1.d4 d5 2.c4 c6 3.Nf3 Nf6 4.Qc2 g6 5.Bf4 Bg7 6.e3 O-O 7.Nc3 a6 8.Be2 Nbd7
9.O-O dxc4 10.Bxc4 b5 11.Be2 Bb7 12.b4 Rc8 13.Rac1 Qb6 14.Qb3 Rfd8 15.h3 Qa7
16.Ne5 e6 17.Nxd7 Rxd7 18.Be5 a5 19.a3 axb4 20.axb4 Ra8 21.Bf3 Qa3 22.Qxa3 Rxa3
23.Nxb5 cxb5 24.Bxb7 Rd8 25.Bc6 Nd5 26.Bxg7 Kxg7 27.Bxd5 Rxd5 28.Rc7 Rb3
29.Ra1 Rxb4 30.Raa7 Rb1+ 31.Kh2 Rf5 32.Kg3 Rb3 33.h4 h5 34.Rab7 g5 35.hxg5 Rxg5+
36.Kh2 Rf5 37.Rc2 Rd5 38.g3 Kg6 39.Kg2 Rb1 40.Kf3 h4 41.gxh4 Rh5 42.Kg2 Rxh4
43.Rcc7 f6 44.Rb6 Rb2 45.Rxe6 Rh5 46.e4 Rg5+ 47.Kf3 Rb3+ 48.Ke2 Rb2+ 49.Ke3 Rb3+
50.Kd2 Rg2 51.e5 Rxf2+ 52.Kc1 Re3 53.Rxf6+ Rxf6 54.exf6 Kxf6 55.Kd2 Ra3 56.Rc5 b4
57.Rb5 Ke6 58.Ke2 Kd6 59.Rxb4 Kd5 60.Kd2 Rh3 61.Ra4 Rh4 62.Kd3 Rh3+ 63.Ke2 Rh2+
64.Kd3 Rh3+ 65.Ke2 Rh2+ 66.Ke3 Rh3+ 67.Kf4 Rh4+ 68.Kg5 Rxd4 69.Rxd4+  1/2-1/2

[Event "36th Open"]
[Site "Seville ESP"]
[Date "2011.01.11"]
[Round "5"]
[White "Abbasov,F"]
[Black "Saric,A"]
[Result "1-0"]
[WhiteElo "2537"]
[BlackElo "2482"]

1.d4 d5 2.c4 c6 3.Nf3 Nf6 4.Qb3 dxc4 5.Qxc4 Bf5 6.g3 e6 7.Bg2 Nbd7 8.O-O Be7
9.e3 O-O 10.Qe2 Rc8 11.Rd1 c5 12.Nc3 Ne4 13.Nxe4 Bxe4 14.dxc5 Bxc5 15.Ne5 Bxg2
16.Kxg2 Nxe5 17.Rxd8 Rfxd8 18.Bd2  1-0

[Event "9th Parsvnath Open"]
[Site "New Delhi IND"]
[Date "2011.01.13"]
[Round "8"]
[White "Laxman,R"]
[Black "Zeng,C"]
[Result "1-0"]
[WhiteElo "2463"]
[BlackElo "2377"]

1.Nf3 d5 2.d4 Nf6 3.c4 c6 4.Qb3 dxc4 5.Qxc4 Bg4 6.Nbd2 Nbd7 7.g3 e6 8.Bg2 Be7
9.O-O O-O 10.Qb3 Qb6 11.Nc4 Qa6 12.Re1 Rad8 13.Bf4 Nd5 14.Bd2 c5 15.e4 N5b6
16.Nxb6 Nxb6 17.Ne5 Bh5 18.d5 c4 19.Qc2 Bf6 20.f4 Bxe5 21.fxe5 exd5 22.Bg5 Rd7
23.Rf1 Re8 24.Bh3 d4 25.Qf2 h6 26.Bxh6 Rde7 27.Bxg7 Kxg7 28.Qf6+ Kg8 29.Qg5+ Bg6
30.Rxf7 Rxf7 31.Qxg6+ Kf8 32.e6 Rf3 33.Qh5 Ke7 34.Qc5+ Kf6 35.Qxd4+ Ke7 36.Qc5+ Kf6
37.Qh5  1-0